| 000 | 01120cam a22003374a 4500 | ||
|---|---|---|---|
| 001 | 15092440 | ||
| 003 | NUST | ||
| 005 | 20220920163202.0 | ||
| 008 | 071126s2007 pk ab bs 010 0 eng | ||
| 010 | _a 2007376417 | ||
| 020 | _a9780195979763 | ||
| 025 | _aP-E-2007376417; 20 | ||
| 040 |
_aDLC _cDLC |
||
| 042 | _alcode | ||
| 043 | _aa-pk--- | ||
| 050 | 0 | 0 |
_aDS392.2.K3 _bC45 2007 |
| 082 |
_a954.91 _bCHE |
||
| 100 | 1 |
_aCheema, Yasmin. _95456 |
|
| 245 | 1 | 4 |
_aThe historical quarters of Karachi / _cYasmin Cheema. |
| 260 |
_aKarachi : _bOxford University Press, _c2007. |
||
| 300 |
_axvi, 185 p. : _bill. (some col.), maps ; _c28 cm. |
||
| 500 | _a"Pakistan 60 years 1947-2007"--Cover. | ||
| 500 | _aIncludes statistical tables. | ||
| 504 | _aIncludes bibliographical references (p. 181-182). | ||
| 650 | 0 |
_aHistoric buildings _xConservation and restoration _zPakistan _zKarachi. _95457 |
|
| 650 | 0 |
_aCity planning _zPakistan _zKarachi. _95458 |
|
| 651 | 0 |
_aKarachi (Pakistan) _xHistory, Local. _95459 |
|
| 906 |
_a7 _bcbc _corigode _d3 _encip _f20 _gy-gencatlg |
||
| 942 |
_2ddc _cBK |
||
| 999 |
_c331693 _d331693 |
||